[Event "St. Andrew's Masters 2019"]
[Site "Dublin IRL"]
[Date "2019.09.20"]
[Round "1.1"]
[White "O'Donnell, Conor"]
[Black "Zelenchuk, Daniil"]
[Result "1-0"]
[WhiteTitle "FM"]
[WhiteElo "2321"]
[BlackElo "2031"]
[WhiteICU "2308"]
[BlackICU "2104"]
[WhiteClub "Gonzaga"]
[BlackClub "Strand C.C."]
[WhiteNationality "IRL"]
[BlackNationality "IRL"]
[WhiteFideId "2504243"]
[BlackFideId "2511959"]
[PlyCount "57"]
[EventDate "2019.09.20"]
[Source "Live boards"]

{ Event information: <a
href="http://www.irlchess.com/standrews2019_allfiles/pairings_standrews2019.html">Tournament
report</a>. }

1. Nf3 d6 2. d4 f5 3. g3 Nf6 4. Bg2 g6 5. O-O Bg7 6. c4 O-O 7. Nc3 a5 8.
Re1 Nh5 9. d5 f4 10. Nd4 Qe8 11. Bf3 g5 12. e4 fxg3 13. hxg3 Bxd4 14. Bxh5
Bxf2+ 15. Kg2 Qd7 16. Rh1 Bc5 17. g4 Rf2+ 18. Kg3 Qd8 19. e5 Qf8 20. Ne4
Nd7 21. e6 Ne5 22. Nxg5 h6 23. Nf7 Qg7 24. Nxh6+ Kf8 25. Rf1 Qf6 26. Nf5
Nd3 27. Bh6+ Kg8 28. Bf7+ Kh7 29. Bg7 1-0

[Event "St. Andrew's Masters 2019"]
[Site "Dublin IRL"]
[Date "2019.09.20"]
[Round "1.2"]
[White "Daly, Colm"]
[Black "McMorrow, John"]
[Result "1-0"]
[WhiteTitle "FM"]
[WhiteElo "2234"]
[BlackElo "2018"]
[WhiteICU "2212"]
[BlackICU "2026"]
[WhiteClub "Bray"]
[BlackClub "Gonzaga"]
[WhiteNationality "IRL"]
[BlackNationality "IRL"]
[WhiteFideId "2500434"]
[BlackFideId "2501481"]
[PlyCount "63"]
[EventDate "2019.09.20"]
[Source "Live boards"]

{ Event information: <a
href="http://www.irlchess.com/standrews2019_allfiles/pairings_standrews2019.html">Tournament
report</a>. }

1. c4 e5 2. b3 Nc6 3. Bb2 Nf6 4. e3 d5 5. cxd5 Nxd5 6. a3 a6 7. Qc2 Be6 8.
Nf3 Bd6 9. d3 O-O 10. Nbd2 f5 11. g3 h6 12. Be2 Re8 13. e4 Nf6 14. O-O fxe4
15. dxe4 Qe7 16. b4 Bg4 17. Rfe1 Rad8 18. Nc4 Bxb4 19. axb4 Bxf3 20. Bxf3
Nxb4 21. Qe2 b5 22. Nxe5 c5 23. Ng6 Qf7 24. Nf4 Qb3 25. Bxf6 gxf6 26. Bh5
Re5 27. Qg4+ Rg5 28. Rad1 Rxd1 29. Qc8+ Kh7 30. Rxd1 Rg8 31. Rd7+ Kh8 32.
Ng6# 1-0

[Event "St. Andrew's Masters 2019"]
[Site "Dublin IRL"]
[Date "2019.09.20"]
[Round "1.3"]
[White "Peoples, Jonathon"]
[Black "Kanyamarala, Tarun"]
[Result "0-1"]
[WhiteElo "1931"]
[BlackElo "2229"]
[WhiteICU "1834"]
[BlackICU "2160"]
[WhiteClub "U.C.D."]
[BlackClub "Balbriggan"]
[WhiteNationality "IRL"]
[BlackNationality "IRL"]
[WhiteFideId "2509520"]
[BlackFideId "45004714"]
[PlyCount "48"]
[EventDate "2019.09.20"]
[Source "Live boards"]

{ Event information: <a
href="http://www.irlchess.com/standrews2019_allfiles/pairings_standrews2019.html">Tournament
report</a>. }

1. c4 e5 2. g3 c6 3. d4 e4 4. Nc3 d5 5. cxd5 cxd5 6. Qb3 Nc6 7. Be3 Nf6 8.
Nh3 Na5 9. Qc2 h6 10. Bg2 Bf5 11. O-O Qd7 12. Qa4 Nc6 13. Nf4 g5 14. Nfxd5
Nxd5 15. Nxe4 Be7 16. Rad1 Bh3 17. Bxh3 Qxh3 18. Qb5 Qd7 19. Nc5 Bxc5 20.
dxc5 O-O-O 21. Qa4 Qh3 22. Qb3 Qe6 23. Bd4 Rhe8 24. e3 Ndb4 0-1

[Event "St. Andrew's Masters 2019"]
[Site "Dublin IRL"]
[Date "2019.09.20"]
[Round "1.4"]
[White "Kanyamarala, Trisha"]
[Black "Healy, John"]
[Result "1-0"]
[WhiteElo "2138"]
[BlackElo "1907"]
[WhiteICU "2123"]
[BlackICU "1841"]
[WhiteClub "Balbriggan"]
[BlackClub "St. Benildus"]
[WhiteNationality "IRL"]
[BlackNationality "IRL"]
[WhiteFideId "45004722"]
[BlackFideId "2500965"]
[PlyCount "67"]
[EventDate "2019.09.20"]
[Source "Live boards"]

{ Event information: <a
href="http://www.irlchess.com/standrews2019_allfiles/pairings_standrews2019.html">Tournament
report</a>. }

1. d4 Nf6 2. c4 c5 3. d5 e6 4. Nc3 exd5 5. cxd5 d6 6. e4 g6 7. f4 Bg7 8.
Bb5+ Nfd7 9. Bd3 a6 10. a4 Qh4+ 11. g3 Qd8 12. Nf3 O-O 13. O-O Nf6 14. Re1
Bg4 15. Be3 Nbd7 16. Qe2 Re8 17. Qf2 Bxf3 18. Qxf3 Qc7 19. Bc4 Re7 20. Rad1
Qb6 21. Rd2 Qb4 22. Bd3 c4 23. Bb1 b5 24. Bd4 Nc5 25. Rde2 Nb3 26. Bf2 Nd7
27. e5 dxe5 28. d6 Ree8 29. Qc6 Red8 30. fxe5 Nbc5 31. Nd5 Rac8 32. Qxc8
Qxe1+ 33. Rxe1 Rxc8 34. Ne7+ 1-0

[Event "St. Andrew's Masters 2019"]
[Site "Dublin IRL"]
[Date "2019.09.20"]
[Round "1.5"]
[White "Moran, Darragh"]
[Black "Freeman, Gordon"]
[Result "1/2-1/2"]
[WhiteElo "1888"]
[BlackElo "2113"]
[WhiteICU "1860"]
[BlackICU "2083"]
[WhiteClub "Gonzaga"]
[BlackClub "Gonzaga"]
[WhiteNationality "IRL"]
[BlackNationality "IRL"]
[WhiteFideId "2510294"]
[BlackFideId "2501309"]
[PlyCount "116"]
[EventDate "2019.09.20"]
[Source "Live boards"]

{ Event information: <a
href="http://www.irlchess.com/standrews2019_allfiles/pairings_standrews2019.html">Tournament
report</a>. }

1. d4 d6 2. e4 Nf6 3. Nc3 e5 4. Nf3 Nbd7 5. Bc4 Be7 6. dxe5 dxe5 7. Bxf7+
Kxf7 8. Ng5+ Kg8 9. Ne6 Qe8 10. Nxc7 Qd8 11. Nxa8 b6 12. Qd3 Nc5 13. Qxd8+
Bxd8 14. Bg5 Ne6 15. Bxf6 gxf6 16. O-O-O Kg7 17. Nb5 Rf8 18. Rd2 f5 19.
exf5 Nc5 20. b4 Na4 21. Rd6 Bxf5 22. Nac7 a6 23. Nxa6 Bg5+ 24. Kb1 Rc8 25.
Nac7 Be7 26. Rc6 Bd7 27. Ne6+ Bxe6 28. Rxe6 Bxb4 29. Rd1 Rc5 30. c4 Rxc4
31. Rd7+ Kf8 32. Rf6+ Ke8 33. Nd6+ Bxd6 34. Rdxd6 b5 35. Rd3 Nc3+ 36. Ka1
e4 37. Rh3 Na4 38. Rb3 b4 39. a3 Rc1+ 40. Rb1 Rc2 41. Ra6 Nc3 42. axb4 Nxb1
43. Kxb1 Rxf2 44. Re6+ Kd7 45. Rxe4 Rxg2 46. Rh4 Kc6 47. Rxh7 Rg4 48. Kc2
Rxb4 49. Kd3 Kd5 50. Ke3 Ke5 51. Rf7 Rh4 52. Rf2 Rh3+ 53. Ke2 Ke4 54. Kf1
Rf3 55. Rxf3 Kxf3 56. Ke1 Kg4 57. Kd2 Kh3 58. Kd3 Kxh2 1/2-1/2

[Event "St. Andrew's Masters 2019"]
[Site "Dublin IRL"]
[Date "2019.09.20"]
[Round "1.6"]
[White "Carroll, Peter"]
[Black "Scallan, Fiachra"]
[Result "1/2-1/2"]
[WhiteElo "2100"]
[BlackElo "1818"]
[WhiteICU "2106"]
[BlackICU "1850"]
[WhiteClub "Gonzaga"]
[BlackClub "Rathmines Juniors"]
[WhiteNationality "IRL"]
[BlackNationality "IRL"]
[WhiteFideId "2510243"]
[BlackFideId "2507528"]
[PlyCount "65"]
[EventDate "2019.09.20"]
[Source "Live boards"]

{ Event information: <a
href="http://www.irlchess.com/standrews2019_allfiles/pairings_standrews2019.html">Tournament
report</a>. }

1. d4 d5 2. Nc3 Nf6 3. Bf4 a6 4. e3 c5 5. dxc5 e6 6. Na4 Bxc5 7. Nxc5 Qa5+
8. c3 Qxc5 9. Bd3 Nc6 10. Nf3 Qe7 11. Ne5 Nd7 12. Nxc6 bxc6 13. Qg4 g6 14.
Bh6 Ne5 15. Qe2 Nxd3+ 16. Qxd3 e5 17. e4 Bb7 18. O-O-O O-O-O 19. exd5 cxd5
20. Rhe1 f6 21. Be3 Qc7 22. Kb1 Kb8 23. f3 Bc8 24. Ka1 Qa5 25. c4 d4 26.
Qb3+ Ka7 27. Bd2 Qc7 28. Qa3 Rde8 29. c5 Qc6 30. Ba5 Be6 31. Bb6+ Kb7 32.
Rc1 Bd5 33. Re2 1/2-1/2

[Event "St. Andrew's Masters 2019"]
[Site "Dublin IRL"]
[Date "2019.09.20"]
[Round "1.7"]
[White "Venkatesan, Kavin"]
[Black "Haque, Muhtarim-Ul"]
[Result "1-0"]
[WhiteElo "1803"]
[BlackElo "2085"]
[WhiteICU "1750"]
[BlackICU "2077"]
[WhiteClub "St. Benildus"]
[BlackClub "Rathmines Juniors"]
[WhiteNationality "IRL"]
[BlackNationality "IRL"]
[WhiteFideId "2512602"]
[BlackFideId "2509415"]
[PlyCount "65"]
[EventDate "2019.09.20"]
[Source "Live boards"]

{ Event information: <a
href="http://www.irlchess.com/standrews2019_allfiles/pairings_standrews2019.html">Tournament
report</a>. }

1. d4 d5 2. c4 e6 3. Nc3 c5 4. cxd5 exd5 5. Nf3 Nc6 6. g3 c4 7. Bg2 Bb4 8.
O-O Nge7 9. Bf4 a6 10. Ne5 Bxc3 11. Nxc6 Nxc6 12. bxc3 O-O 13. Qc2 b5 14.
Rab1 Be6 15. Rfd1 g5 16. Bc1 f5 17. Kh1 Rb8 18. Ba3 Rf7 19. e3 Rbb7 20. f4
g4 21. Bc5 h5 22. Kg1 Rh7 23. Kf2 h4 24. Rh1 h3 25. Bf1 Rhc7 26. Be2 Rc8 $4
(26... Qe8 $15) 27. Bxg4 $18 Qd7 28. Bxh3 a5 29. a3 Nb8 30. g4 fxg4 31.
Qg6+ Kh8 32. Qh6+ Kg8 33. Rbg1 1-0

[Event "St. Andrew's Masters 2019"]
[Site "Dublin IRL"]
[Date "2019.09.20"]
[Round "1.8"]
[White "Flynn, Jacob"]
[Black "Putar, Leon"]
[Result "1-0"]
[WhiteElo "2018"]
[BlackElo "1744"]
[WhiteICU "2038"]
[BlackICU "1776"]
[WhiteClub "Malahide"]
[WhiteNationality "IRL"]
[BlackNationality "IRL"]
[WhiteFideId "2509393"]
[BlackFideId "14546612"]
[PlyCount "65"]
[EventDate "2019.09.20"]
[Source "Live boards"]

{ Event information: <a
href="http://www.irlchess.com/standrews2019_allfiles/pairings_standrews2019.html">Tournament
report</a>. }

1. Nf3 d5 2. c4 d4 3. e3 c5 4. b4 dxe3 5. fxe3 cxb4 6. d4 Bg4 7. h3 Bh5 8.
Bd3 Nf6 9. Bb2 e6 10. e4 Be7 11. e5 Nfd7 12. O-O Nc6 13. Qe1 Qb6 14. Nbd2
O-O-O 15. Kh1 Rhe8 16. Bc2 f6 17. exf6 Bxf6 18. c5 Qb5 19. Ne4 Be7 20. Nfg5
Nf6 21. Nxe6 Nxe4 22. Bxe4 Bf6 23. Bf5 g6 24. Qg3 Rd7 25. Nc7 Be5 26. dxe5
Kxc7 27. e6+ Kd8 28. Bf6+ Rde7 29. Qd6+ Kc8 30. Bxe7 Rxe7 31. Bd3 Qa5 32.
Rf8+ Nd8 33. Qxe7 1-0

[Event "St. Andrew's Masters 2019"]
[Site "Dublin IRL"]
[Date "2019.09.21"]
[Round "2.1"]
[White "Kanyamarala, Trisha"]
[Black "O'Donnell, Conor"]
[Result "1-0"]
[BlackTitle "FM"]
[WhiteElo "2138"]
[BlackElo "2321"]
[WhiteICU "2123"]
[BlackICU "2308"]
[WhiteClub "Balbriggan"]
[BlackClub "Gonzaga"]
[WhiteNationality "IRL"]
[BlackNationality "IRL"]
[WhiteFideId "45004722"]
[BlackFideId "2504243"]
[PlyCount "119"]
[EventDate "2019.09.20"]
[Source "Live boards"]

{ Event information: <a
href="http://www.irlchess.com/standrews2019_allfiles/pairings_standrews2019.html">Tournament
report</a>. }

1. d4 f5 2. Nf3 Nf6 3. g3 g6 4. Bg2 Bg7 5. O-O O-O 6. b3 b6 7. Bb2 Bb7 8.
Nbd2 e6 9. Re1 Qe7 10. a4 a5 11. Ba3 d6 12. Nc4 Nbd7 13. Nfd2 Bxg2 14. Kxg2
c5 15. Bb2 cxd4 16. Bxd4 e5 17. Bb2 Nc5 18. Nf3 e4 19. Nd4 d5 20. Na3 Rac8
21. e3 Ng4 22. h3 Ne5 23. Rb1 Qf7 24. Nab5 Rfd8 25. Qe2 g5 26. Bc1 g4 27.
Rh1 Nf3 28. Bd2 Ne6 29. c3 Nc5 30. Na3 Nd3 31. Nac2 h5 32. Ne1 Nde5 33. h4
Rc5 34. Kf1 Nxe1 35. Bxe1 Rdc8 36. Nb5 Qe6 37. Kg2 Nf3 38. Bd2 Nxd2 39.
Qxd2 Bxc3 40. Nxc3 Rxc3 41. Rhc1 Rd3 42. Qb2 Rxc1 43. Rxc1 d4 44. Rc4 dxe3
$4 (44... Kf7 $10) 45. Rc7 $18 Rd7 46. Rc8+ Kf7 47. Qh8 Qe7 48. Qg8+ Kf6
49. Rf8+ Ke5 50. Re8 e2 51. Rxe7+ Rxe7 52. Qh8+ Ke6 53. Qh6+ Ke5 54. Qe3
Rd7 55. Qxe2 Rd3 56. Qc2 Kd6 57. Qc4 Rd5 58. Qc8 Rc5 59. Qf8+ Kc6 60. Qf6+
1-0

[Event "St. Andrew's Masters 2019"]
[Site "Dublin IRL"]
[Date "2019.09.21"]
[Round "2.2"]
[White "Flynn, Jacob"]
[Black "Daly, Colm"]
[Result "0-1"]
[BlackTitle "FM"]
[WhiteElo "2018"]
[BlackElo "2234"]
[WhiteICU "2038"]
[BlackICU "2212"]
[WhiteClub "Malahide"]
[BlackClub "Bray"]
[WhiteNationality "IRL"]
[BlackNationality "IRL"]
[WhiteFideId "2509393"]
[BlackFideId "2500434"]
[PlyCount "119"]
[EventDate "2019.09.20"]
[Source "Live boards"]

{ Event information: <a
href="http://www.irlchess.com/standrews2019_allfiles/pairings_standrews2019.html">Tournament
report</a>. }

1. d4 Nf6 2. Nf3 e6 3. Bf4 c5 4. e3 cxd4 5. exd4 b6 6. Nbd2 Bb7 7. Bd3 Be7
8. h3 O-O 9. c3 d6 10. Qe2 Re8 11. O-O Nbd7 12. Rfe1 a6 13. Bg3 Bf8 14.
Rad1 Qc8 15. Bb1 b5 16. Ng5 h6 17. Nge4 Nxe4 18. Nxe4 Bxe4 19. Qxe4 g6 20.
Qf3 d5 21. h4 h5 22. Bf4 Be7 23. Qh3 Nf6 24. Re3 Ng4 25. Rg3 Bf8 26. f3 Nf6
27. Be5 Bg7 28. Re1 Ra7 29. Bxf6 Bxf6 30. Kf2 Qd8 31. Rh1 b4 32. f4 bxc3
33. bxc3 Rb7 34. Re3 Rb2+ 35. Kf3 Kf8 36. g3 Qa5 37. Qf1 Reb8 38. Qd3 R8b5
39. g4 Qb6 40. Ree1 hxg4+ 41. Kxg4 Rg2+ 42. Kf3 Rbb2 43. Qe3 Qd8 44. Rh3
Bxh4 45. Rf1 Qf6 46. Qe5 Qxe5 47. dxe5 Bd8 48. Rh8+ Ke7 49. Rh7 Bb6 50. Rh8
a5 51. Rb8 Rh2 52. Kg3 Rbg2+ 53. Kf3 Bf2 54. Rb7+ Kf8 55. c4 Rg3+ 56. Ke2
Bd4+ 57. Kd1 Rgg2 58. cxd5 Rd2+ 59. Kc1 Be3 60. Rb3 0-1

[Event "St. Andrew's Masters 2019"]
[Site "Dublin IRL"]
[Date "2019.09.21"]
[Round "2.3"]
[White "Kanyamarala, Tarun"]
[Black "Venkatesan, Kavin"]
[Result "1-0"]
[WhiteElo "2229"]
[BlackElo "1803"]
[WhiteICU "2160"]
[BlackICU "1750"]
[WhiteClub "Balbriggan"]
[BlackClub "St. Benildus"]
[WhiteNationality "IRL"]
[BlackNationality "IRL"]
[WhiteFideId "45004714"]
[BlackFideId "2512602"]
[PlyCount "75"]
[EventDate "2019.09.20"]
[Source "Live boards"]

{ Event information: <a
href="http://www.irlchess.com/standrews2019_allfiles/pairings_standrews2019.html">Tournament
report</a>. }

1. d4 Nf6 2. c4 e6 3. Nc3 Bb4 4. f3 d5 5. a3 Bxc3+ 6. bxc3 Nbd7 7. cxd5
exd5 8. e3 O-O 9. Bd3 Re8 10. Ne2 b6 11. O-O Bb7 12. Ng3 c5 13. Qd2 c4 14.
Bc2 Nf8 15. Bb2 Ng6 16. Rae1 Qc7 17. Bc1 Re7 18. e4 Rd8 19. e5 Ne8 20. f4
f6 21. Qd1 Nf8 22. a4 fxe5 23. fxe5 Ne6 24. Qg4 Bc8 25. Nf5 g6 26. Nxe7+
Qxe7 27. Qe2 N8g7 28. Rf2 Rf8 29. Ref1 Bd7 30. Bh6 Rxf2 31. Qxf2 Qe8 32. g4
a6 33. Qf6 Bc6 34. h4 b5 35. axb5 axb5 36. h5 gxh5 37. Bxg7 Nxg7 38. Qh6
1-0

[Event "St. Andrew's Masters 2019"]
[Site "Dublin IRL"]
[Date "2019.09.21"]
[Round "2.4"]
[White "Brady, Stephen"]
[Black "Moran, Darragh"]
[Result "1-0"]
[WhiteTitle "FM"]
[WhiteElo "2304"]
[BlackElo "1888"]
[WhiteICU "2281"]
[BlackICU "1860"]
[WhiteClub "St. Benildus"]
[BlackClub "Gonzaga"]
[WhiteNationality "IRL"]
[BlackNationality "IRL"]
[WhiteFideId "2500124"]
[BlackFideId "2510294"]
[PlyCount "73"]
[EventDate "2019.09.20"]
[Source "Live boards"]

{ Event information: <a
href="http://www.irlchess.com/standrews2019_allfiles/pairings_standrews2019.html">Tournament
report</a>. }

1. e4 e6 2. d4 d5 3. Nd2 c5 4. Ngf3 cxd4 5. exd5 Qxd5 6. Bc4 Qd6 7. O-O Nf6
8. Nb3 Nc6 9. Nbxd4 Nxd4 10. Nxd4 a6 11. Bb3 Qc7 12. Qf3 Bd6 13. h3 O-O 14.
Bg5 Nd7 15. c3 Ne5 16. Qe4 Ng6 17. Rad1 Bh2+ 18. Kh1 Bf4 19. Bxf4 Qxf4 20.
Bc2 e5 21. Nf3 Be6 22. Qxf4 Nxf4 23. Nxe5 Bxa2 24. b3 Ne2 25. c4 b5 26. c5
a5 27. Rfe1 Nc3 28. Rd3 b4 29. Nd7 Rfe8 30. Rxe8+ Rxe8 31. c6 a4 32. bxa4
Bc4 33. Rd4 b3 34. Bxb3 Bxb3 35. Rd3 Bxa4 36. Rxc3 Rc8 37. Nb6 1-0

[Event "St. Andrew's Masters 2019"]
[Site "Dublin IRL"]
[Date "2019.09.21"]
[Round "2.5"]
[White "Scallan, Fiachra"]
[Black "O'Gorman, Tom"]
[Result "0-1"]
[BlackTitle "FM"]
[WhiteElo "1818"]
[BlackElo "2208"]
[WhiteICU "1850"]
[BlackICU "2204"]
[WhiteClub "Rathmines Juniors"]
[BlackClub "Dun Laoghaire"]
[WhiteNationality "IRL"]
[BlackNationality "IRL"]
[WhiteFideId "2507528"]
[BlackFideId "2508249"]
[PlyCount "160"]
[EventDate "2019.09.20"]
[Source "Live boards"]

{ Event information: <a
href="http://www.irlchess.com/standrews2019_allfiles/pairings_standrews2019.html">Tournament
report</a>. }

1. b3 e5 2. Bb2 Nc6 3. e3 Nf6 4. Bb5 Bd6 5. Na3 Na5 6. Be2 c6 7. c4 O-O 8.
Nc2 c5 9. d4 Nc6 10. d5 Ne7 11. f3 Ng6 12. Bd3 Nh5 13. Ne2 f5 14. g3 Bc7
15. Qd2 Qe7 16. Nc3 Ba5 17. Qg2 e4 18. fxe4 Ne5 19. O-O-O Bxc3 20. Bxc3
Nxd3+ 21. Rxd3 Qxe4 22. Qxe4 fxe4 23. Rd2 d6 24. b4 b6 25. Na3 Bd7 26. Nb5
Bxb5 27. cxb5 Rac8 28. Kd1 Rf3 29. Re1 Nf6 30. a4 Ng4 31. Rde2 Nf2+ 32. Kd2
Nd3 33. Rb1 Rf5 34. bxc5 dxc5 35. Kc2 Rxd5 36. Ra1 Rf8 37. Kb3 c4+ 38. Kxc4
Rc5+ 39. Kb3 Rfc8 40. Rc2 Kf7 41. Raa2 Ke6 42. Bd2 Kd5 43. Rxc5+ Nxc5+ 44.
Kb4 Nd3+ 45. Kb3 Rc4 46. a5 Nc5+ 47. Kb2 Nd3+ 48. Kb3 Rc5 49. axb6 Rxb5+
50. Kc2 axb6 51. Ra7 Rc5+ 52. Kb3 Rb5+ 53. Kc2 Rb2+ 54. Kc3 Ke6 55. Rxg7 b5
56. Rxh7 b4+ 57. Kd4 Rxd2 58. Rb7 Kd6 59. Rb6+ Kc7 60. Rb5 Kc6 61. Rb8 b3
62. Kxe4 Nc5+ 63. Kf5 Nb7 64. Rc8+ Kd6 65. Rc4 b2 66. Rb4 Nc5 67. h4 Rf2+
68. Kg6 Nd3 69. Rb8 Kc5 70. Rc8+ Kd5 71. Rb8 Kc4 72. Rxb2 Rxb2 73. g4 Ne5+
74. Kh5 Kd5 75. g5 Ke6 76. Kh6 Kf7 77. h5 Kg8 78. g6 Rb5 79. g7 Nf7+ 80.
Kg6 Rg5+ 0-1

[Event "St. Andrew's Masters 2019"]
[Site "Dublin IRL"]
[Date "2019.09.21"]
[Round "2.6"]
[White "Freeman, Gordon"]
[Black "Carroll, Peter"]
[Result "1-0"]
[WhiteElo "2113"]
[BlackElo "2100"]
[WhiteICU "2083"]
[BlackICU "2106"]
[WhiteClub "Gonzaga"]
[BlackClub "Gonzaga"]
[WhiteNationality "IRL"]
[BlackNationality "IRL"]
[WhiteFideId "2501309"]
[BlackFideId "2510243"]
[PlyCount "38"]
[EventDate "2019.09.20"]
[Source "Live boards"]

{ Event information: <a
href="http://www.irlchess.com/standrews2019_allfiles/pairings_standrews2019.html">Tournament
report</a>. }

1. Nf3 Nf6 2. b3 a5 3. Bb2 a4 4. bxa4 d5 5. e3 Bf5 6. c4 e6 7. Nc3 Nbd7 8.
cxd5 exd5 9. Be2 c6 10. O-O Bd6 11. Nd4 Bg6 12. f4 Qc7 13. Rc1 Qb6 14. Qb3
Qa7 15. Ncb5 cxb5 16. Nxb5 Qb8 17. Rc8+ Qxc8 18. Nxd6+ Ke7 19. Nxc8+ Rhxc8
1-0

[Event "St. Andrew's Masters 2019"]
[Site "Dublin IRL"]
[Date "2019.09.21"]
[Round "2.7"]
[White "Haque, Muhtarim-Ul"]
[Black "Peoples, Jonathon"]
[Result "1/2-1/2"]
[WhiteElo "2085"]
[BlackElo "1931"]
[WhiteICU "2077"]
[BlackICU "1834"]
[WhiteClub "Rathmines Juniors"]
[BlackClub "U.C.D."]
[WhiteNationality "IRL"]
[BlackNationality "IRL"]
[WhiteFideId "2509415"]
[BlackFideId "2509520"]
[PlyCount "126"]
[EventDate "2019.09.20"]
[Source "Live boards"]

{ Event information: <a
href="http://www.irlchess.com/standrews2019_allfiles/pairings_standrews2019.html">Tournament
report</a>. }

1. e4 e6 2. d4 d5 3. Nd2 Nf6 4. e5 Nfd7 5. Bd3 c5 6. c3 Nc6 7. Ne2 cxd4 8.
cxd4 f6 9. exf6 Qxf6 10. Nf3 Bd6 11. O-O h6 12. Ng3 O-O 13. Nh5 Qe7 14. Bb1
Rxf3 15. Qxf3 Nxd4 16. Qg4 e5 17. Be3 Nf8 18. Qd1 Qh4 19. Bxd4 exd4 20. Ng3
Ne6 21. Kh1 Ng5 22. a4 Kh8 23. a5 Bg4 24. Qd3 Rf8 25. Ra4 Ne4 26. Rxd4 Bxg3
27. h3 Bxh3 28. fxg3 Rxf1+ 29. Kh2 Qh5 30. Qxf1 Bf5+ 31. Kg1 Nxg3 32. Qd1
Bxb1 33. Qxh5 Nxh5 34. Rxd5 Nf6 35. Rd4 a6 36. Kf2 Be4 37. g3 Kh7 38. Ke3
Bc6 39. Kf4 Kg6 40. Rd6 Kf7 41. Ke5 Nd7+ 42. Kd4 Nf8 43. Ke3 Ke7 44. Rd2
Ke6 45. g4 Ng6 46. Rf2 Ne5 47. Rf4 g5 48. Rd4 Bf3 49. Rb4 Bxg4 50. Rxb7
Nc4+ 51. Kf2 Ke5 52. b4 Nd6 53. Rb6 Bc8 54. Rc6 Bb7 55. Rc7 h5 56. Kg3 Bc8
57. Kh2 h4 58. Rc5+ Kf6 59. Rd5 Nb5 60. Rd8 Bb7 61. Rf8+ Kg6 62. Rb8 Nd6
63. Rd8 Nb5 (63... Nc4 $19) 1/2-1/2

[Event "St. Andrew's Masters 2019"]
[Site "Dublin IRL"]
[Date "2019.09.21"]
[Round "2.8"]
[White "Zelenchuk, Daniil"]
[Black "Healy, John"]
[Result "0-1"]
[WhiteElo "2031"]
[BlackElo "1907"]
[WhiteICU "2104"]
[BlackICU "1841"]
[WhiteClub "Strand C.C."]
[BlackClub "St. Benildus"]
[WhiteNationality "IRL"]
[BlackNationality "IRL"]
[WhiteFideId "2511959"]
[BlackFideId "2500965"]
[PlyCount "44"]
[EventDate "2019.09.20"]
[Source "Live boards"]

{ Event information: <a
href="http://www.irlchess.com/standrews2019_allfiles/pairings_standrews2019.html">Tournament
report</a>. }

1. c4 e5 2. Nc3 Nc6 3. d3 f5 4. f4 Bb4 5. Nf3 e4 6. Ng5 h6 7. Nh3 Nf6 8. a3
Bxc3+ 9. bxc3 O-O 10. d4 d6 11. e3 b6 12. Be2 Na5 13. Nf2 Ba6 14. Rg1 Bxc4
15. Bxc4+ Nxc4 16. g4 fxg4 17. Nxg4 Nxg4 18. Qxg4 Qe7 19. Qh5 Kh8 20. Rg6
Rae8 21. Bd2 Qd7 22. f5 Qxf5 0-1

[Event "St. Andrew's Masters 2019"]
[Site "Dublin IRL"]
[Date "2019.09.21"]
[Round "2.9"]
[White "McMorrow, John"]
[Black "Putar, Leon"]
[Result "0-1"]
[WhiteElo "2018"]
[BlackElo "1744"]
[WhiteICU "2026"]
[BlackICU "1776"]
[WhiteClub "Gonzaga"]
[WhiteNationality "IRL"]
[BlackNationality "IRL"]
[WhiteFideId "2501481"]
[BlackFideId "14546612"]
[PlyCount "108"]
[EventDate "2019.09.20"]
[Source "Live boards"]

{ Event information: <a
href="http://www.irlchess.com/standrews2019_allfiles/pairings_standrews2019.html">Tournament
report</a>. }

1. e4 e6 2. d3 d5 3. Nd2 c5 4. Ngf3 Nc6 5. g3 d4 6. e5 Nge7 7. Nc4 Ng6 8.
a4 Be7 9. h4 Qd5 10. Rg1 f6 11. Bg2 Qd8 12. Qe2 O-O 13. exf6 Bxf6 14. Ng5
Nce5 15. Qh5 h6 16. Be4 Bd7 17. Bxg6 Nxg6 18. Qxg6 hxg5 19. hxg5 Be8 20.
Qe4 Bxg5 21. Rh1 Bxc1 22. Qh7+ Kf7 23. Ne5+ Kf6 24. Ng4+ Kf7 25. Qh5+ Ke7
26. Qxc5+ Qd6 27. Qxd6+ Kxd6 28. Rxc1 Bxa4 29. Rh7 Rf7 30. f4 Rc7 31. Kd2
Rac8 32. c3 dxc3+ 33. bxc3 b6 34. Ne5 Be8 35. Re1 b5 36. c4 b4 37. d4 a5
38. Rb1 Rb8 39. Ra1 a4 40. c5+ Kd5 41. Ke3 b3 42. c6 b2 43. Rb1 a3 44. Nd3
a2 45. Rhh1 axb1=Q 46. Rxb1 Rxc6 47. f5 exf5 48. Nf4+ Kd6 49. Nd3 Rc3 50.
Kd2 Rxd3+ 51. Kxd3 f4 52. Kc3 Bg6 53. Rxb2 Rxb2 54. Kxb2 fxg3 0-1